| 000 | 01039cam a2200217 4500 | ||
|---|---|---|---|
| 001 | L136751 | ||
| 008 | 070221n2007 000 0 eng u | ||
| 035 | _a(Sirsi) u136751 | ||
| 041 | 0 | _aeng | |
| 050 | _a306.11 $2 18 | ||
| 110 | 1 |
_aUnited Kingdom _bDepartment for Communities and Local Government _94939 |
|
| 245 | 0 | 4 |
_aThe demand for social rented housing _h[electronic resource] |
| 260 |
_aLondon _bDCLG _c2007 |
||
| 490 | 0 | 0 |
_aDCLG Housing Research Summary _v(236) |
| 520 | _aProvides a synthesis of data and statistics on the social rented sector and provides an overview of who currently lives in social housing in England and uses evidence on flows and attributes to predict patterns of the likely future demand for social housing. | ||
| 590 | _aKA | ||
| 651 | 4 |
_aEngland _y886- |
|
| 690 | _aPROPERTY-RESIDENTIAL PROPERTY-RESIDENTIAL PROPERTY TENURE-LEASEHOLD RESIDENTIAL PROPERTY | ||
| 856 | 4 | 0 |
_uhttps://www.communities.gov.uk/index.asp?id=1506301 _zView the research free of charge at www.communities.gov.uk... |
| 942 | _n0 | ||
| 999 |
_c106501 _d106501 |
||